Statystyki dla Napoje gazowane

Kliknij tutaj aby rozwiązać quiz!

Ogólne statystyki

  • Ten quiz został rozwiązany 3 182 razy
    (3 160 od ostatniego zresetowania)
  • Średni wynik to 7 z 15

Statystyki odpowiedzi

Pierwsza literaOdpowiedź% Poprawnych
CCoca cola
97%
PPepsi
89%
77up
88%
FFanta
88%
SSprite
82%
MMirinda
78%
3Zbyszko 3 cytryny/Polo Cockta
53%
HHellena oranżada
36%
MMountain Dew
34%
DDr Pepper
18%
SSchweppes
16%
HHoop cola
12%
KKinley
8%
OOrangina
6%
TTop Cola
4%

Rozkład punktacji

Percentyl według liczby udzielonych odpowiedzi

Procent ludzi z każdym wynikiem

Twoja historia wyników

Nie rozwiązałeś tego quizu od ostatniego zresetowania